000 00358nam a2200145Ia 4500
008 230917s9999||||xx |||||||||||||| ||und||
040 _e77382
_aMAIN
041 _aEnglish
082 _a342 S71G
100 _aSaran, P
245 0 _aGovernment and politics of Srilanka
260 _aNew Delhi
_bMetropolitan
_c1982
300 _aviii, 146 p.
942 _cBK
999 _c229129
_d229129